| 000 | 01158nam a2200229Ia 4500 | ||
|---|---|---|---|
| 999 |
_c37638 _d37638 |
||
| 001 | 3610 | ||
| 003 | GE_BSU | ||
| 005 | 20190624155040.0 | ||
| 008 | 181216s2001||||ge |||||||||||||| ||geo|| | ||
| 040 | _cGE_BSU | ||
| 041 | _ageo | ||
| 080 | _a343 ს–99 | ||
| 100 |
_aსხულუხია, კოტე _92840 |
||
| 245 |
_aმოკვლევისა და წინასწარი გამოძიების პროცესუალური აქტები : _bკრებული / _cკოტე სხულუხია, თენგიზ სიჭინავა. |
||
| 264 |
_aთბილისი, _c2001. |
||
| 300 |
_a268 გვ. ; _b20 სმ. |
||
| 653 | _aსაქართველოს სისხლის სამართლის კოდექსი | ||
| 653 | _aსაქართველოს სისხლის სამართლის საპროცესო კოდექსი | ||
| 653 | _aწინასწარი გამოძიება; მოკვლევა | ||
| 700 |
_aსიჭინავა, თენგიზ _eავტორი _92841 |
||
| 942 |
_cBK _2udc |
||